Normal view MARC view
  • Zobel, Justin,

Entry Personal Name

Number of records used in: 1

001 - CONTROL NUMBER

  • control field: 37841

003 - CONTROL NUMBER IDENTIFIER

  • control field: OSt

005 - DATE AND TIME OF LATEST TRANSACTION

  • control field: 20150505130617.0

008 - FIXED-LENGTH DATA ELEMENTS

  • fixed length control field: 150505|| aca||aabn | a|a d

040 ## - CATALOGING SOURCE

  • Original cataloging agency: OSt

100 10 - HEADING--PERSONAL NAME

  • Personal name: Zobel, Justin,
  • Dates associated with a name: 1963-